000 00305nam a22001457a 4500
008 230926b ||||| |||| 00| 0 eng d
020 _a080037974
041 _aeng
080 _a159.9
082 _a159.9SID
100 _a25
101 _aPSI
245 _aURBAN SURVIVAL
_cSIDEL.R
942 _2udc
_cBK
999 _c60407
_d60407